000 00437nam a2200133Ia 4500
008 220217s9999||||xx |||||||||||||| ||und||
020 _a9789339221911
082 _a692.5
100 _aPeuifoy, Robert, L and Oberlender, Garold, D
_910444
245 0 _aEstimating construction costs
260 _aMcGraw Hill Education (India) Private Limited
_bNew Delhi
_c2017
300 _aXVIII, 577p.
_b1110
650 _aConstruction Engineering
999 _c189076
_d189076